[Event "SWE Cup"]
[Site "Sweden"]
[Date "2017.03.25"]
[Round "8.3"]
[White "Bergstrom, Rolf"]
[Black "Moren, Bjorn"]
[Result "1/2-1/2"]
[WhiteElo "2290"]
[BlackElo "2106"]
[PlyCount "94"]
[EventDate "2017.01.14"]
[EventType "team-tourn"]
[EventRounds "9"]
[EventCountry "SWE"]
[SourceTitle "EXT 2018"]
[Source "ChessBase"]
[SourceDate "2017.10.13"]
[SourceVersion "1"]
[SourceVersionDate "2017.10.13"]
[SourceQuality "1"]
[WhiteTeam "Stockholm CC"]
[BlackTeam "Vaxjo"]
[WhiteTeamCountry "SWE"]
[BlackTeamCountry "SWE"]

1. e4 d5 2. exd5 Qxd5 3. Nc3 Qd6 4. g3 Nf6 5. Bg2 c6 6. Nf3 Bg4 7. h3 Bh5 8. 0-0 e6 9. Ne2 Nbd7 10. Nf4 Bxf3 11. Qxf3 Be7 12. Rd1 e5 13. Ne2 0-0 14. d3 Nc5 15. Nc3 Rad8 16. Be3 Qc7 17. Ne4 Nfxe4 18. dxe4 Ne6 19. c3 Bc5 20. Bd2 a5 21. h4 Qb6 22. b3 Rd6 23. Be1 Rfd8 24. Bh3 Nc7 25. Rxd6 Bxd6 26. Rd1 Na6 27. Bf1 f6 28. Qg4 Kh8 29. Bxa6 bxa6 30. Qe6 Bf8 31. Qf7 h6 32. Rd2 Bc5 33. Rxd8+ Qxd8 34. Qc4 Qd1 35. Kf1 Bf8 36. Qe2 Qb1 37. f3 a4 38. bxa4 a5 39. Kg2 Bc5 40. Qd2 Kh7 41. h5 Bb6 42. g4 Bc5 43. Kf1 Ba7 44. Kg2 Bc5 45. Bf2 Bxf2 46. Kxf2 Qb6+ 47. Ke2 Qc5 1/2-1/2

[Event "SWE-chT2 1617"]
[Site "Sweden"]
[Date "2016.10.14"]
[Round "1.4"]
[White "Kretz, Johan"]
[Black "Moren, Bjorn"]
[Result "1-0"]
[WhiteElo "2205"]
[BlackElo "2106"]
[PlyCount "43"]
[EventDate "2016.10.14"]
[EventType "team-tourn"]
[EventRounds "9"]
[EventCountry "SWE"]
[SourceTitle "EXT 2017"]
[Source "ChessBase"]
[SourceDate "2016.10.25"]
[SourceVersion "1"]
[SourceVersionDate "2016.10.25"]
[SourceQuality "1"]
[WhiteTeam "Vasteras"]
[BlackTeam "Vaxjo"]
[WhiteTeamCountry "SWE"]
[BlackTeamCountry "SWE"]

1. d4 d5 2. c4 dxc4 3. Nf3 Nf6 4. e3 Bg4 5. Bxc4 e6 6. 0-0 a6 7. h3 Bh5 8. Qe2 Nc6 9. Rd1 Be7 10. Nc3 0-0 11. a3 Qc8 12. g4 Bg6 13. e4 Re8 14. Ba2 h5 15. Nh4 Bxe4 16. Nxe4 Nxe4 17. Qxe4 Bxh4 18. g5 e5 19. g6 Kf8 20. gxf7 Qxh3 21. fxe8Q+ Rxe8 22. Rd3 1-0

[Event "Deltalift op"]
[Site "Tylosand"]
[Date "2012.05.18"]
[Round "5"]
[White "Moren, Bjorn"]
[Black "Fransson, Angelina"]
[Result "1-0"]
[WhiteElo "2074"]
[BlackElo "1985"]
[PlyCount "55"]
[EventDate "2012.05.17"]
[EventType "swiss"]
[EventRounds "8"]
[EventCountry "SWE"]
[SourceTitle "CBM 148 Extra"]
[Source "ChessBase"]
[SourceDate "2012.06.22"]
[SourceVersion "1"]
[SourceVersionDate "2012.06.22"]
[SourceQuality "1"]

1. e4 c5 2. Nc3 e6 3. g3 Nc6 4. Bg2 Nf6 5. d3 Be7 6. f4 d6 7. Nf3 0-0 8. 0-0 Qc7 9. h3 a6 10. a4 Rb8 11. g4 b5 12. f5 b4 13. Ne2 exf5 14. exf5 Bb7 15. Nf4 Ne5 16. g5 Ne8 17. Nh5 Bxf3 18. Bxf3 g6 19. Ng3 f6 20. Bd5+ Kg7 21. h4 Qd8 22. h5 Nc7 23. fxg6 Nxd5 24. Nf5+ Kg8 25. gxh7+ Kxh7 26. g6+ Nxg6 27. hxg6+ Kxg6 28. Nh4+ 1-0